The correct approach (Record no. 82215)

MARC details
000 -LEADER
fixed length control field 01174cam a22002655a 4500
001 - CONTROL NUMBER
control field L149585
008 - FIXED-LENGTH DATA ELEMENTS--GENERAL INFORMATION
fixed length control field 100323e20100313xxk 000 0 eng d
035 ## - SYSTEM CONTROL NUMBER
System control number (Sirsi) u149585
041 0# - LANGUAGE CODE
Language code of text/sound track or separate title eng
100 1# - MAIN ENTRY--PERSONAL NAME
Personal name Shaw, Keith
245 04 - TITLE STATEMENT
Title The correct approach
490 ## - SERIES STATEMENT
Series statement Estates Gazette
Volume/sequential designation (1010) 13 March 2010, 106-108(3)
520 ## - SUMMARY, ETC.
Summary, etc. Assesses the principles to be applied in seeking level of damages for breach of covenant. Outlines three approaches to assessing damages based on compensation, buy-out and account for profits. Discusses "Pell Frischmann Ltd v Bow Valley Iran Ltd [2009] UKPC 45" and other relevant case law.
590 ## - LOCAL NOTE (RLIN)
Local note KA
650 24 - SUBJECT ADDED ENTRY--TOPICAL TERM
Topical term or geographic name entry element PELL FRISCHMANN ENGINEERING LTD V BOW VALLEY IRAN LTD
650 24 - SUBJECT ADDED ENTRY--TOPICAL TERM
Topical term or geographic name entry element LUNN POLY LTD AND ANOTHER V LIVERPOOL AND LANCASHIRE PROPERTIES LTD AND ANOTHER
650 24 - SUBJECT ADDED ENTRY--TOPICAL TERM
Topical term or geographic name entry element WROTHAM PARK ESTATE CO V PARKSIDE HOMES LTD
650 24 - SUBJECT ADDED ENTRY--TOPICAL TERM
Topical term or geographic name entry element CARR-SAUNDERS V DICK MCNEIL ASSOCIATES LTD
650 24 - SUBJECT ADDED ENTRY--TOPICAL TERM
Topical term or geographic name entry element TAMARES (VINCENT SQUARE) LTD V FAIRPOINT PROPERTIES (VINCENT SQUARE) LTD
650 24 - SUBJECT ADDED ENTRY--TOPICAL TERM
Topical term or geographic name entry element FORSYTH-GRANT V ALLEN
651 #4 - SUBJECT ADDED ENTRY--GEOGRAPHIC NAME
Geographic name United Kingdom
Chronological subdivision
690 ## - LOCAL SUBJECT ADDED ENTRY--TOPICAL TERM (OCLC, RLIN)
Topical term or geographic name as entry element PROPERTY-FREEHOLD PROPERTY
700 1# - ADDED ENTRY--PERSONAL NAME
Personal name James, Claire
942 ## - ADDED ENTRY ELEMENTS (KOHA)
Suppress in OPAC 0
Holdings
Withdrawn status Lost status Source of classification or shelving scheme Damaged status Not for loan Home library Current library Shelving location Date acquired Total Checkouts Full call number Barcode Date last seen Copy number Price effective from Koha item type
    Dewey Decimal Classification     London London Journal article 23/03/2010   L149585 149585-1001 06/08/2019 1 06/08/2019 Journal article